000 00607nam a2200205Ia 4500
005 20250923145241.0
008 008 250917s9999 xx 000 0 eng d
037 _aTextual
040 _aDSWL
_beng
_cDSWL
041 _aeng
_2eng
084 _aT15-4xM96, N66
_qDSWL
100 _aAgrawal, Babu Lal
_9833350
245 0 _aNailal Aggarwal - Abhinandan Granth
_cby Babu Lal Agrawal
260 _aAligarh
_bNailal Aggarwal Abhinandan Smiti
_c1966
300 _axxiv,564p.
365 _aINR
_b10
925 _g10
942 _cTEXL
_hT15-4xM96, N66
999 _c1448970
_d1448970